00564nam a2200181 a 45000010010000000030011000100080041000210350026000620820016000881000023001042450039001272600052001666500026002189420012002449520091002569980020003479990015003670000-8631ELIB.Books110520 2002  a(ELIB.Books)0000-8777 a242.2 bPon aPongracz, Lynda E. aThe Wonder Devotional ( Book- II ) bU.S.A.: Child Evangelism Fellowship Inc. c2002 aDevotional Literature 2ddccBK 00102ddc4070aKBTSbKBTSd2011-05-20l0p10470r2022-01-22 00:00:00w2022-01-22yBK cbate2011-05-20 c8631d8631